000 00302nam a2200133Ia 4500
005 20251222155105.0
008 251222s9999||||xx |||||||||||||| ||spa||
082 _aINV. 13
100 _aLAMSON W. F.
245 0 _aElementos de Investigación
250 _a6ta. ed.
264 _bOmega
942 _cLIB
999 _c37840
_d37840